<?xml version="1.0" encoding="UTF-8"?>
<record
    xmlns:xsi="http://www.w3.org/2001/XMLSchema-instance"
    xsi:schemaLocation="http://www.loc.gov/MARC21/slim http://www.loc.gov/standards/marcxml/schema/MARC21slim.xsd"
    xmlns="http://www.loc.gov/MARC21/slim">

  <leader>03657nam a22004817a 4500</leader>
  <controlfield tag="005">20080606105026.0</controlfield>
  <controlfield tag="008">080606t        xxu||||| |||| 00| 0 eng d</controlfield>
  <datafield tag="010" ind1=" " ind2=" ">
    <subfield code="a">B-265899-917</subfield>
  </datafield>
  <datafield tag="020" ind1=" " ind2=" ">
    <subfield code="a">8175734760</subfield>
    <subfield code="c">175.00</subfield>
  </datafield>
  <datafield tag="035" ind1=" " ind2=" ">
    <subfield code="a">B-265899-917</subfield>
  </datafield>
  <datafield tag="040" ind1=" " ind2=" ">
    <subfield code="a">DPL</subfield>
    <subfield code="b">EN</subfield>
  </datafield>
  <datafield tag="082" ind1=" " ind2=" ">
    <subfield code="a">030 </subfield>
  </datafield>
  <datafield tag="245" ind1=" " ind2=" ">
    <subfield code="a">Tell me more -1 / </subfield>
    <subfield code="c">edited by Sultan Ahmad, K.S. Kohli [and] D.S. Sam</subfield>
  </datafield>
  <datafield tag="260" ind1=" " ind2=" ">
    <subfield code="a">Delhi</subfield>
    <subfield code="b">TinyTot Publications</subfield>
    <subfield code="c">2008</subfield>
  </datafield>
  <datafield tag="260" ind1=" " ind2=" ">
    <subfield code="b">Blue Berry (Vender)</subfield>
  </datafield>
  <datafield tag="270" ind1=" " ind2=" ">
    <subfield code="a">235, Jagriti Enclave, Viaks Marg, </subfield>
    <subfield code="b">Delhi </subfield>
    <subfield code="e">110092</subfield>
  </datafield>
  <datafield tag="300" ind1=" " ind2=" ">
    <subfield code="a">128p.:</subfield>
    <subfield code="b">col. ill. </subfield>
    <subfield code="c">24 cm (Hb)</subfield>
  </datafield>
  <datafield tag="700" ind1=" " ind2=" ">
    <subfield code="a">Sultan Ahmad</subfield>
  </datafield>
  <datafield tag="700" ind1=" " ind2=" ">
    <subfield code="a">Sam, D.S. </subfield>
  </datafield>
  <datafield tag="942" ind1=" " ind2=" ">
    <subfield code="2">ddc</subfield>
    <subfield code="c">CH</subfield>
    <subfield code="h">030 </subfield>
    <subfield code="m">TEL</subfield>
  </datafield>
  <datafield tag="999" ind1=" " ind2=" ">
    <subfield code="c">13345</subfield>
    <subfield code="d">13345</subfield>
  </datafield>
  <datafield tag="952" ind1=" " ind2=" ">
    <subfield code="0">4</subfield>
    <subfield code="1">0</subfield>
    <subfield code="4">0</subfield>
    <subfield code="7">0</subfield>
    <subfield code="8">FIC</subfield>
    <subfield code="a">M</subfield>
    <subfield code="b">M</subfield>
    <subfield code="d">2008-06-06</subfield>
    <subfield code="g">175.00</subfield>
    <subfield code="l">0</subfield>
    <subfield code="o">030/ TEL</subfield>
    <subfield code="p">B-265899</subfield>
    <subfield code="r">2008-09-15 00:00:00</subfield>
    <subfield code="t">4</subfield>
    <subfield code="v">175.00</subfield>
    <subfield code="w">2008-09-15</subfield>
    <subfield code="y">CH</subfield>
    <subfield code="z">Written off on approval by DLB (By Circulation); dtd 15-06-2023</subfield>
  </datafield>
  <datafield tag="952" ind1=" " ind2=" ">
    <subfield code="0">0</subfield>
    <subfield code="1">0</subfield>
    <subfield code="4">0</subfield>
    <subfield code="7">0</subfield>
    <subfield code="8">FIC</subfield>
    <subfield code="a">M</subfield>
    <subfield code="b">M</subfield>
    <subfield code="d">2008-07-16</subfield>
    <subfield code="g">175.00</subfield>
    <subfield code="l">0</subfield>
    <subfield code="o">030 / TEL</subfield>
    <subfield code="p">B-265900</subfield>
    <subfield code="r">2008-09-15 00:00:00</subfield>
    <subfield code="t">4</subfield>
    <subfield code="v">175.00</subfield>
    <subfield code="w">2008-09-15</subfield>
    <subfield code="y">CH</subfield>
  </datafield>
  <datafield tag="952" ind1=" " ind2=" ">
    <subfield code="0">0</subfield>
    <subfield code="1">0</subfield>
    <subfield code="4">0</subfield>
    <subfield code="7">0</subfield>
    <subfield code="8">FIC</subfield>
    <subfield code="a">M</subfield>
    <subfield code="b">M</subfield>
    <subfield code="d">2008-07-16</subfield>
    <subfield code="g">175.00</subfield>
    <subfield code="l">0</subfield>
    <subfield code="o">030 / TEL</subfield>
    <subfield code="p">B-265901</subfield>
    <subfield code="r">2008-09-15 00:00:00</subfield>
    <subfield code="t">4</subfield>
    <subfield code="v">175.00</subfield>
    <subfield code="w">2008-09-15</subfield>
    <subfield code="y">CH</subfield>
  </datafield>
  <datafield tag="952" ind1=" " ind2=" ">
    <subfield code="0">0</subfield>
    <subfield code="1">0</subfield>
    <subfield code="4">0</subfield>
    <subfield code="7">0</subfield>
    <subfield code="8">FIC</subfield>
    <subfield code="a">M</subfield>
    <subfield code="b">M</subfield>
    <subfield code="d">2008-07-16</subfield>
    <subfield code="g">175.00</subfield>
    <subfield code="l">0</subfield>
    <subfield code="o">030 / TEL</subfield>
    <subfield code="p">B-265902</subfield>
    <subfield code="r">2008-09-15 00:00:00</subfield>
    <subfield code="t">4</subfield>
    <subfield code="v">175.00</subfield>
    <subfield code="w">2008-09-15</subfield>
    <subfield code="y">CH</subfield>
  </datafield>
  <datafield tag="952" ind1=" " ind2=" ">
    <subfield code="0">0</subfield>
    <subfield code="1">0</subfield>
    <subfield code="4">0</subfield>
    <subfield code="7">0</subfield>
    <subfield code="8">FIC</subfield>
    <subfield code="a">NPL</subfield>
    <subfield code="b">NPL</subfield>
    <subfield code="d">2008-07-16</subfield>
    <subfield code="g">175.00</subfield>
    <subfield code="l">0</subfield>
    <subfield code="o">030 / TEL</subfield>
    <subfield code="p">B-265903</subfield>
    <subfield code="r">2008-09-15 00:00:00</subfield>
    <subfield code="t">1</subfield>
    <subfield code="v">175.00</subfield>
    <subfield code="w">2008-09-15</subfield>
    <subfield code="y">CH</subfield>
  </datafield>
  <datafield tag="952" ind1=" " ind2=" ">
    <subfield code="0">0</subfield>
    <subfield code="1">0</subfield>
    <subfield code="4">0</subfield>
    <subfield code="7">0</subfield>
    <subfield code="8">NFIC</subfield>
    <subfield code="a">L</subfield>
    <subfield code="b">L</subfield>
    <subfield code="d">2008-07-16</subfield>
    <subfield code="g">175.00</subfield>
    <subfield code="l">0</subfield>
    <subfield code="o">030 / TEL</subfield>
    <subfield code="p">B-265904</subfield>
    <subfield code="r">2008-09-15 00:00:00</subfield>
    <subfield code="v">175.00</subfield>
    <subfield code="w">2008-09-15</subfield>
    <subfield code="y">CH</subfield>
  </datafield>
  <datafield tag="952" ind1=" " ind2=" ">
    <subfield code="0">0</subfield>
    <subfield code="1">0</subfield>
    <subfield code="4">0</subfield>
    <subfield code="7">0</subfield>
    <subfield code="8">FIC</subfield>
    <subfield code="a">BL1</subfield>
    <subfield code="b">BL1</subfield>
    <subfield code="d">2008-07-16</subfield>
    <subfield code="g">175.00</subfield>
    <subfield code="l">0</subfield>
    <subfield code="o">030 / TEL</subfield>
    <subfield code="p">B-265905</subfield>
    <subfield code="r">2008-09-15 00:00:00</subfield>
    <subfield code="t">1</subfield>
    <subfield code="v">175.00</subfield>
    <subfield code="w">2008-09-15</subfield>
    <subfield code="y">CH</subfield>
  </datafield>
  <datafield tag="952" ind1=" " ind2=" ">
    <subfield code="0">0</subfield>
    <subfield code="1">0</subfield>
    <subfield code="4">0</subfield>
    <subfield code="7">0</subfield>
    <subfield code="8">FIC</subfield>
    <subfield code="a">KGM</subfield>
    <subfield code="b">KGM</subfield>
    <subfield code="d">2008-07-16</subfield>
    <subfield code="g">175.00</subfield>
    <subfield code="l">1</subfield>
    <subfield code="o">030 / TEL</subfield>
    <subfield code="p">B-265906</subfield>
    <subfield code="r">2024-09-02 00:00:00</subfield>
    <subfield code="s">2024-09-02</subfield>
    <subfield code="t">1</subfield>
    <subfield code="v">175.00</subfield>
    <subfield code="w">2008-09-15</subfield>
    <subfield code="y">CH</subfield>
  </datafield>
  <datafield tag="952" ind1=" " ind2=" ">
    <subfield code="0">0</subfield>
    <subfield code="1">0</subfield>
    <subfield code="4">0</subfield>
    <subfield code="7">0</subfield>
    <subfield code="8">FIC</subfield>
    <subfield code="a">PR</subfield>
    <subfield code="b">PR</subfield>
    <subfield code="d">2008-07-16</subfield>
    <subfield code="g">175.00</subfield>
    <subfield code="l">0</subfield>
    <subfield code="o">030 / TEL</subfield>
    <subfield code="p">B-265907</subfield>
    <subfield code="r">2008-09-15 00:00:00</subfield>
    <subfield code="t">1</subfield>
    <subfield code="v">175.00</subfield>
    <subfield code="w">2008-09-15</subfield>
    <subfield code="y">CH</subfield>
  </datafield>
  <datafield tag="952" ind1=" " ind2=" ">
    <subfield code="0">0</subfield>
    <subfield code="1">0</subfield>
    <subfield code="4">0</subfield>
    <subfield code="7">0</subfield>
    <subfield code="8">NFIC</subfield>
    <subfield code="a">ZLS</subfield>
    <subfield code="b">ZLS</subfield>
    <subfield code="d">2008-07-16</subfield>
    <subfield code="g">175.00</subfield>
    <subfield code="l">0</subfield>
    <subfield code="o">030 / TEL</subfield>
    <subfield code="p">B-265908</subfield>
    <subfield code="r">2008-09-15 00:00:00</subfield>
    <subfield code="v">175.00</subfield>
    <subfield code="w">2008-09-15</subfield>
    <subfield code="y">CH</subfield>
  </datafield>
  <datafield tag="952" ind1=" " ind2=" ">
    <subfield code="0">0</subfield>
    <subfield code="1">0</subfield>
    <subfield code="4">0</subfield>
    <subfield code="7">0</subfield>
    <subfield code="8">FIC</subfield>
    <subfield code="a">RKP</subfield>
    <subfield code="b">RKP</subfield>
    <subfield code="d">2008-07-16</subfield>
    <subfield code="g">175.00</subfield>
    <subfield code="l">0</subfield>
    <subfield code="o">030 / TEL</subfield>
    <subfield code="p">B-265909</subfield>
    <subfield code="r">2008-09-15 00:00:00</subfield>
    <subfield code="t">1</subfield>
    <subfield code="v">175.00</subfield>
    <subfield code="w">2008-09-15</subfield>
    <subfield code="y">CH</subfield>
  </datafield>
  <datafield tag="952" ind1=" " ind2=" ">
    <subfield code="0">0</subfield>
    <subfield code="1">0</subfield>
    <subfield code="4">0</subfield>
    <subfield code="7">0</subfield>
    <subfield code="8">NFIC</subfield>
    <subfield code="a">AG</subfield>
    <subfield code="b">AG</subfield>
    <subfield code="d">2008-07-16</subfield>
    <subfield code="g">175.00</subfield>
    <subfield code="l">1</subfield>
    <subfield code="o">030 / TEL</subfield>
    <subfield code="p">B-265910</subfield>
    <subfield code="r">2021-07-19 00:00:00</subfield>
    <subfield code="s">2021-07-03</subfield>
    <subfield code="v">175.00</subfield>
    <subfield code="w">2008-09-15</subfield>
    <subfield code="y">CH</subfield>
  </datafield>
  <datafield tag="952" ind1=" " ind2=" ">
    <subfield code="0">0</subfield>
    <subfield code="1">0</subfield>
    <subfield code="4">0</subfield>
    <subfield code="7">0</subfield>
    <subfield code="8">NFIC</subfield>
    <subfield code="a">SP</subfield>
    <subfield code="b">SP</subfield>
    <subfield code="d">2008-07-16</subfield>
    <subfield code="g">175.00</subfield>
    <subfield code="l">0</subfield>
    <subfield code="o">030 / TEL</subfield>
    <subfield code="p">B-265911</subfield>
    <subfield code="r">2008-09-15 00:00:00</subfield>
    <subfield code="v">175.00</subfield>
    <subfield code="w">2008-09-15</subfield>
    <subfield code="y">CH</subfield>
  </datafield>
  <datafield tag="952" ind1=" " ind2=" ">
    <subfield code="0">0</subfield>
    <subfield code="1">0</subfield>
    <subfield code="4">0</subfield>
    <subfield code="7">0</subfield>
    <subfield code="8">FIC</subfield>
    <subfield code="a">JB</subfield>
    <subfield code="b">JB</subfield>
    <subfield code="d">2008-07-16</subfield>
    <subfield code="g">175.00</subfield>
    <subfield code="l">0</subfield>
    <subfield code="o">030 / TEL</subfield>
    <subfield code="p">B-265912</subfield>
    <subfield code="r">2008-09-15 00:00:00</subfield>
    <subfield code="t">1</subfield>
    <subfield code="v">175.00</subfield>
    <subfield code="w">2008-09-15</subfield>
    <subfield code="y">CH</subfield>
  </datafield>
  <datafield tag="952" ind1=" " ind2=" ">
    <subfield code="0">0</subfield>
    <subfield code="1">0</subfield>
    <subfield code="4">0</subfield>
    <subfield code="7">0</subfield>
    <subfield code="8">FIC</subfield>
    <subfield code="a">NN</subfield>
    <subfield code="b">NN</subfield>
    <subfield code="d">2008-07-16</subfield>
    <subfield code="g">175.00</subfield>
    <subfield code="l">0</subfield>
    <subfield code="o">030 / TEL</subfield>
    <subfield code="p">B-265913</subfield>
    <subfield code="r">2008-09-15 00:00:00</subfield>
    <subfield code="t">1</subfield>
    <subfield code="v">175.00</subfield>
    <subfield code="w">2008-09-15</subfield>
    <subfield code="y">CH</subfield>
  </datafield>
  <datafield tag="952" ind1=" " ind2=" ">
    <subfield code="0">0</subfield>
    <subfield code="1">0</subfield>
    <subfield code="4">0</subfield>
    <subfield code="7">0</subfield>
    <subfield code="8">FIC</subfield>
    <subfield code="a">BL3</subfield>
    <subfield code="b">BL3</subfield>
    <subfield code="d">2008-07-16</subfield>
    <subfield code="g">175.00</subfield>
    <subfield code="l">0</subfield>
    <subfield code="o">030 / TEL</subfield>
    <subfield code="p">B-265914</subfield>
    <subfield code="r">2008-09-15 00:00:00</subfield>
    <subfield code="t">1</subfield>
    <subfield code="v">175.00</subfield>
    <subfield code="w">2008-09-15</subfield>
    <subfield code="y">CH</subfield>
  </datafield>
  <datafield tag="952" ind1=" " ind2=" ">
    <subfield code="0">4</subfield>
    <subfield code="1">0</subfield>
    <subfield code="4">0</subfield>
    <subfield code="7">0</subfield>
    <subfield code="8">FIC</subfield>
    <subfield code="a">BL4</subfield>
    <subfield code="b">BL4</subfield>
    <subfield code="d">2008-07-16</subfield>
    <subfield code="g">175.00</subfield>
    <subfield code="l">0</subfield>
    <subfield code="o">030 / TEL</subfield>
    <subfield code="p">B-265915</subfield>
    <subfield code="r">2008-09-15 00:00:00</subfield>
    <subfield code="t">1</subfield>
    <subfield code="v">175.00</subfield>
    <subfield code="w">2008-09-15</subfield>
    <subfield code="y">CH</subfield>
    <subfield code="z">Written off on approval by DLB (By Circulation); dtd 20.12.2022</subfield>
  </datafield>
  <datafield tag="952" ind1=" " ind2=" ">
    <subfield code="0">0</subfield>
    <subfield code="1">0</subfield>
    <subfield code="4">0</subfield>
    <subfield code="7">0</subfield>
    <subfield code="8">FIC</subfield>
    <subfield code="a">RC</subfield>
    <subfield code="b">RC</subfield>
    <subfield code="d">2008-07-16</subfield>
    <subfield code="g">175.00</subfield>
    <subfield code="l">0</subfield>
    <subfield code="o">030 / TEL</subfield>
    <subfield code="p">B-265916</subfield>
    <subfield code="r">2008-09-15 00:00:00</subfield>
    <subfield code="t">2</subfield>
    <subfield code="v">175.00</subfield>
    <subfield code="w">2008-09-15</subfield>
    <subfield code="y">CH</subfield>
  </datafield>
  <datafield tag="952" ind1=" " ind2=" ">
    <subfield code="0">1</subfield>
    <subfield code="1">0</subfield>
    <subfield code="4">0</subfield>
    <subfield code="7">0</subfield>
    <subfield code="8">FIC</subfield>
    <subfield code="a">RC</subfield>
    <subfield code="b">RC</subfield>
    <subfield code="d">2008-07-16</subfield>
    <subfield code="g">175.00</subfield>
    <subfield code="l">0</subfield>
    <subfield code="o">030 / TEL</subfield>
    <subfield code="p">B-265917</subfield>
    <subfield code="r">2008-09-15 00:00:00</subfield>
    <subfield code="t">2</subfield>
    <subfield code="v">175.00</subfield>
    <subfield code="w">2008-09-15</subfield>
    <subfield code="y">CH</subfield>
  </datafield>
  <datafield tag="952" ind1=" " ind2=" ">
    <subfield code="0">0</subfield>
    <subfield code="1">0</subfield>
    <subfield code="4">0</subfield>
    <subfield code="7">0</subfield>
    <subfield code="8">NFIC</subfield>
    <subfield code="a">VP</subfield>
    <subfield code="b">VP</subfield>
    <subfield code="d">2008-09-02</subfield>
    <subfield code="e">Blueberry/4571/19.8.08/192/21.7.08/19.8.08</subfield>
    <subfield code="g">175.00</subfield>
    <subfield code="l">15</subfield>
    <subfield code="m">1</subfield>
    <subfield code="o">030  TEL</subfield>
    <subfield code="p">B-284662</subfield>
    <subfield code="r">2019-06-25 00:00:00</subfield>
    <subfield code="s">2019-06-13</subfield>
    <subfield code="v">175.00</subfield>
    <subfield code="w">2008-09-15</subfield>
    <subfield code="y">CH</subfield>
  </datafield>
</record>
